Abeceda obchodu
Vnútropodnikové opatrenia pred exportnou činnosťou - opatrenia vo vývoji, výrobe a expedícii, opatrenia v obchode.
Salvato in:
| Natura: | Capitolo di libro |
|---|---|
| Lingua: | ceco |
| Soggetti: | |
| Tags: |
Nessun Tag, puoi essere il primo ad aggiungerne!!
|
MARC
| LEADER | 00000naa$a2200000$$$4500 | ||
|---|---|---|---|
| 001 | 0003303 | ||
| 005 | 20230908091359.4 | ||
| 041 | 0 | |a cze | |
| 044 | |a CZ | ||
| 245 | 1 | 0 | |a Abeceda obchodu |
| 520 | |a Vnútropodnikové opatrenia pred exportnou činnosťou - opatrenia vo vývoji, výrobe a expedícii, opatrenia v obchode. | ||
| 610 | 2 | 0 | |a vývoz |
| 610 | 2 | 0 | |a styk zahraničnoobchodný |
| 610 | 2 | 0 | |a podnik |
| 610 | 2 | 0 | |a opatrenia |